000 02429nam a22002657a 4500
003 NALT
005 20250821103209.0
008 250816b th ||||| |||| 00| 0 tha d
020 _a9789740342717
040 _aNALT
050 _aHD 58.8
_bด841ก 2566
100 0 _aเดชา เดชะวัฒนไพศาล
_941411
245 1 0 _aการพัฒนาองค์การ =
_bOrganization development /
_cเดชา เดชะวัฒนไพศาล.
246 3 1 _aOrganization development.
250 _aพิมพ์ครั้งที่ 1.
260 _aกรุงเทพฯ :
_bสำนักพิมพ์จุฬาลงกรณ์มหาวิทยาลัย,
_c2566.
300 _a309 หน้า :
_bภาพประกอบ, ตาราง, แผนภูมิ ;
_c26 ซม.
505 2 _aบทที่ 1 การพัฒนาองค์การคืออะไร -- บทที่ 2 ทฤษฎีเสาหลักและวงจรการพัฒนาองค์การ -- บทที่ 3 การติดต่อและการกำหนดข้อตกลง -- บทที่ 4 การวินิจฉัยองค์การและวิเคราะห์ข้อมูล -- บทที่ 5 กิจกรรมพัฒนาองค์การเชิงปฏิสัมพันธ์ -- บทที่ 6 กิจกรรมพัฒนาองค์การด้านการบริหารทรัพยากรบุคคล -- บทที่ 7 กิจกรรมพัฒนาองค์การด้านเทคโนโลยีและรูปแบบการดำเนินงาน -- บทที่ 8 กิจกรรมพัฒนาองค์การด้านการเปลี่ยนแปลงเชิงกลยุทธ์ -- บทที่ 9 การประเมินผลกิจกรรมพัฒนาองค์การและการรักษาโมเมนตัมของการเปลี่ยนแปลง.
650 4 _aการพัฒนาองค์การ
_915767
650 4 _aการจัดการ
_910583
942 _cGB
_2lcc
996 _ajidapa.t
_bACQSTF
_c2025-08-16
996 _avaree.k
_bLIBSTF
_c2025-08-19
996 _asaiphon.d
_bCATSTF
_c2025-08-21
999 _c107099
_d107099
998 _j104
_k นางสาวสายฝน ดีงาม